Impuestos sobre los bienes personales y a la ganancia mínima presunta (Registro nro. 4836)
[ vista simple ]
| 000 -LEADER | |
|---|---|
| fixed length control field | 01312 a2200265 4500 |
| 001 - CONTROL NUMBER | |
| control field | 49418 |
| 005 - DATE AND TIME OF LATEST TRANSACTION | |
| control field | 20260407155757.0 |
| 008 - FIXED-LENGTH DATA ELEMENTS--GENERAL INFORMATION | |
| fixed length control field | 260407a2018 arg spa d |
| 003 - CONTROL NUMBER IDENTIFIER | |
| control field | AR-UNSa-BCEJYS |
| 040 ## - CATALOGING SOURCE | |
| Original cataloging agency | AR-UNSa-BCEJYS |
| Language of cataloging | spa |
| Transcribing agency | AR-UNSa-BCEJYS |
| 080 ## - UNIVERSAL DECIMAL CLASSIFICATION NUMBER | |
| Universal Decimal Classification number | 336.226 |
| Common auxiliary subdivision | Tipos de impuestos. Impuestos directos e indirectos<br/> |
| 020 ## - INTERNATIONAL STANDARD BOOK NUMBER | |
| International Standard Book Number | 978-987-01-2150-3 |
| 041 ## - LANGUAGE CODE | |
| Language code of text/sound track or separate title | spa |
| 100 1# - MAIN ENTRY--PERSONAL NAME | |
| Personal name | Celdeiro, Ernesto Carlos |
| 245 10 - TITLE STATEMENT | |
| Title | Impuestos sobre los bienes personales y a la ganancia mínima presunta |
| Name of part/section of a work | explicados y comentados |
| 250 ## - EDITION STATEMENT | |
| Edition statement | 6a. ed |
| 264 #1 - PRODUCTION, PUBLICATION, DISTRIBUTION, MANUFACTURE, AND COPYRIGHT NOTICE | |
| Place of production, publication, distribution, manufacture | Buenos Aires : |
| Name of producer, publisher, distributor, manufacturer | Errepar |
| Date of production, publication, distribution, manufacture, or copyright notice | 2018 |
| 300 ## - PHYSICAL DESCRIPTION | |
| Extent | ix, 143 p. |
| Dimensions | 27 cm. |
| 505 ## - FORMATTED CONTENTS NOTE | |
| Formatted contents note | 1. Imposición sobre el patrimonio - 2. Hecho imponible - 3.Exenciones - 4. Valuación de bienes - 5. Régimen de responsabilidad sustituida - 6. Liquidación y pago del impuesto - - IMPUESTO A LA GANANCIA MÍNIMA PRESUNTA: 1. Impuesto a la ganancia mínima presunta - 2. Hecho imponible - 3. Bienes exentos, no computables y no considerados como activos - 4. Valuación de bienes - 5. Liquidación y pago del impuesto. |
| 590 ## - LOCAL NOTE (RLIN) | |
| Local note | niveau_biblio:m niveau_hierar:0 |
| 700 1# - ADDED ENTRY--PERSONAL NAME | |
| Personal name | Imirizaldu, Juan José |
| 700 1# - ADDED ENTRY--PERSONAL NAME | |
| Personal name | Rofrano, Guido Omar |
| 856 41 - ELECTRONIC LOCATION AND ACCESS | |
| Uniform Resource Identifier | <a href="https://www.biblioeco.unsa.edu.ar/pmb/images/libros/L128084.jpg">https://www.biblioeco.unsa.edu.ar/pmb/images/libros/L128084.jpg</a> |
| Link text | Imagen de portada |
| Electronic format type | image/jpeg |
| 942 ## - ADDED ENTRY ELEMENTS (KOHA) | |
| Koha item type | |
| Withdrawn status | Lost status | Damaged status | Not for loan | Home library | Current library | Shelving location | Date acquired | Total checkouts | Full call number | Barcode | Date last seen | Price effective from | Koha item type |
|---|---|---|---|---|---|---|---|---|---|---|---|---|---|
| Biblioteca Prof. Eusebio Cleto del Rey | Biblioteca Prof. Eusebio Cleto del Rey | 07/04/2026 | 336.226 C392p 6ed. | L128084 | 07/04/2026 | 07/04/2026 | Libro |